000 00398nam a22001577a 4500
005 20200601110907.0
008 200601b xxu||||| |||| 00| 0 eng 0
041 _aeng
082 _a340
100 _aBARE ACT
_95744
245 _aTHE NARCOTIC DRUGS AND PSYCHOTROPIC SUBSTANCES ACT, 1985
260 _aDELHI
_bPROFESSIONAL BOOK PUBLISHERS
300 _a230;p
650 _aLAW
_95701
942 _cBK
999 _c6766
_d6764